[Event "Las Palmas"]
[Site "?"]
[Date "1994.??.??"]
[Round "?"]
[White "Shirov, A."]
[Black "Adams, Mi"]
[Result "1-0"]
[WhiteElo "2715"]
[BlackElo "2660"]
[PlyCount "89"]
[EventDate "1994.??.??"]
[Source "ChessBase"]
[SourceDate "1994.02.01"]

1. d4 Nf6 2. c4 e6 3. Nc3 Bb4 4. e3 b6 5. Nge2 Ne4 6. f3 Nxc3 7. bxc3 Be7 8. Ng3 Nc6 9. Bd3 Ba6 10. O-O Na5 11. Qe2 c6 12. f4 d5 13. cxd5 Bxd3 14. Qxd3 exd5 15. f5 h5 16. f6 Bxf6 17. e4 dxe4 18. Nxe4 Be7 19. Bf4 h4 20. Rae1 O-O 21. Nd2 Qd7 22. Nf3 Rae8 23. Bg5 Bd8 24. Bxh4 Bxh4 25. Nxh4 Rxe1 26. Rxe1 Re8 27. Rf1 Qg4 28. Nf5 Re6 29. h3 Qe2 30. Qg3 Rg6 31. Qf3 Qxf3 32. Ne7+ Kh7 33. Rxf3 Re6 34. Rxf7 Nc4 35. d5 cxd5 36. Nxd5 a5 37. Rf4 Ne3 38. c4 Nxd5 39. cxd5 Rd6 40. Rd4 Kg6 41. a4 Kf5 42. Kf2 Ke5 43. Ke3 Rxd5 44. Rxd5+ Kxd5 45. h4 1-0

[Event "Leon"]
[Site "?"]
[Date "1995.??.??"]
[Round "?"]
[White "Shirov, A."]
[Black "Adams, Mi"]
[Result "1-0"]
[WhiteElo "2710"]
[BlackElo "2655"]
[PlyCount "51"]
[EventDate "1995.??.??"]
[Source "ChessBase"]
[SourceDate "1995.02.01"]

1. d4 Nf6 2. c4 e6 3. Nc3 Bb4 4. e3 b6 5. Nge2 Ne4 6. Bd2 Nxd2 7. Qxd2 Bb7 8. d5 Na6 9. a3 Bxc3 10. Nxc3 Nc5 11. Rd1 a5 12. b4 axb4 13. axb4 Na6 14. Nb5 O-O 15. Be2 Qe7 16. d6 Qg5 17. dxc7 Qxg2 18. Rf1 Qxh2 19. Qd6 Qh6 20. Rg1 Bc6 21. Nd4 Nxb4 22. Qxb4 Qh2 23. Rg3 Rfc8 24. Nxc6 Qh1+ 25. Bf1 dxc6 26. Qe7 1-0

[Event "Madrid"]
[Site "?"]
[Date "1994.??.??"]
[Round "?"]
[White "Bareev, E."]
[Black "Sokolov, I."]
[Result "0-1"]
[WhiteElo "2685"]
[BlackElo "2650"]
[PlyCount "122"]
[EventDate "1994.??.??"]
[Source "ChessBase"]
[SourceDate "1994.02.01"]

1. d4 Nf6 2. c4 e6 3. Nc3 Bb4 4. e3 b6 5. Nge2 Ne4 6. Bd2 Nxd2 7. Qxd2 Bb7 8. d5 Na6 9. g3 Nc5 10. Bg2 Ba6 11. Rd1 Bxc4 12. Qd4 Bxe2 13. Kxe2 Bxc3 14. Qxc3 O-O 15. b4 Na4 16. Qc2 b5 17. dxe6 fxe6 18. Bxa8 Qxa8 19. e4 d5 20. Qxc7 a5 21. bxa5 b4 22. Kf1 Nc3 23. Kg2 Qa6 24. Qb6 Qxb6 25. axb6 Nxd1 26. Rxd1 Rb8 27. Rb1 Rxb6 28. Kf3 Kf7 29. Ke3 Ra6 30. Rb2 Ra4 31. Kd3 Kf6 32. Kc2 Ra3 33. Kb1 dxe4 34. Rxb4 e3 35. f3 e5 36. Re4 h5 37. Kb2 Rd3 38. a4 g5 39. h3 e2 40. a5 Rxf3 41. a6 Rd3 42. a7 Rd8 43. Rxe2 Ra8 44. Rf2+ Ke6 45. g4 Rxa7 46. Rf5 Rg7 47. Kc3 h4 48. Kd3 Ra7 49. Rxg5 Kd5 50. Rh5 Ra3+ 51. Ke2 Ke4 52. Rxh4 Ra2+ 53. Kd1 Kd3 54. Kc1 Rc2+ 55. Kb1 e4 56. Rh6 Rg2 57. Rd6+ Ke2 58. h4 e3 59. Rf6 Kd2 60. Rd6+ Ke1 61. Rf6 Rf2 0-1

[Event "New York"]
[Site "?"]
[Date "1996.??.??"]
[Round "?"]
[White "Sokolov, I."]
[Black "Kortchnoi, V."]
[Result "1-0"]
[WhiteElo "2665"]
[BlackElo "2645"]
[PlyCount "81"]
[EventDate "1996.??.??"]
[Source "ChessBase"]
[SourceDate "1996.02.01"]

1. d4 Nf6 2. c4 e6 3. Nc3 Bb4 4. e3 b6 5. Nge2 Ne4 6. Qc2 Bb7 7. Nf4 O-O 8. Bd3 f5 9. O-O Nxc3 10. bxc3 Bd6 11. Rb1 Bxf4 12. exf4 Rf6 13. Be3 Rh6 14. f3 Nc6 15. c5 Qh4 16. g3 Qh5 17. c4 Ne7 18. Qe2 Bc6 19. Rf2 Re8 20. Rbf1 bxc5 21. dxc5 Ng6 22. Qc2 Rf8 23. Bd4 e5 24. fxe5 f4 25. g4 Qg5 26. Be4 Nxe5 27. Bd5+ Nf7 28. Qb3 Re8 29. Re2 Qd8 30. Rfe1 Rxe2 31. Rxe2 Rg6 32. Qd3 Bxd5 33. cxd5 c6 34. d6 Re6 35. Rxe6 dxe6 36. Qb3 Qc8 37. Qb2 h5 38. h3 hxg4 39. hxg4 Ng5 40. Kg2 Qd7 41. Qb8+ 1-0

[Event "Amsterdam"]
[Site "?"]
[Date "1996.??.??"]
[Round "?"]
[White "Salov, Va"]
[Black "Timman, J."]
[Result "0-1"]
[WhiteElo "2675"]
[BlackElo "2590"]
[PlyCount "72"]
[EventDate "1996.??.??"]
[Source "ChessBase"]
[SourceDate "1996.06.01"]

1. d4 Nf6 2. c4 e6 3. Nc3 Bb4 4. e3 b6 5. Nge2 Ne4 6. Qc2 f5 7. Nf4 c5 8. Bd3 cxd4 9. exd4 Nxc3 10. bxc3 Bd6 11. Qe2 O-O 12. h4 Bb7 13. Kf1 Qf6 14. Rh3 Nc6 15. Rb1 Ba6 16. Nh5 Qf7 17. Bf4 Be7 18. Rg3 g6 19. Bg5 Bxg5 20. Rxg5 Rae8 21. Qd2 e5 22. Ng3 Bxc4 23. Bxc4 Qxc4+ 24. Kg1 exd4 25. Nxf5 Rxf5 26. Rxf5 gxf5 27. Qg5+ Kf8 28. Qh6+ Ke7 29. cxd4 Kd8 30. Rd1 Qe2 31. Rd2 Qe6 32. Qf4 Qd5 33. f3 Kc8 34. Kf2 Kb7 35. h5 Nb4 36. a3 Qe6 0-1

[Event "Tilburg Fontys"]
[Site "Tilburg"]
[Date "1996.??.??"]
[Round "4"]
[White "Shirov, Alexei"]
[Black "Sutovsky, Emil"]
[Result "1/2-1/2"]
[WhiteElo "2685"]
[BlackElo "2565"]
[PlyCount "124"]
[EventDate "1996.10.11"]
[Source "ChessBase"]

1. d4 Nf6 2. c4 e6 3. Nc3 Bb4 4. e3 b6 5. Nge2 O-O 6. a3 Bxc3+ 7. Nxc3 d5 8. Bd3 Ba6 9. b3 c5 10. dxc5 dxc4 11. bxc4 bxc5 12. O-O Nc6 13. Nb5 Ne5 14. Be2 Qb8 15. Bb2 Rd8 16. Qc2 Neg4 17. g3 Bb7 18. Rad1 Rxd1 19. Qxd1 h5 20. Qd6 Ne4 21. Qxb8+ Rxb8 22. h3 Ngxf2 23. Rxf2 Nxf2 24. Kxf2 a6 25. Be5 Rd8 26. Nc3 Bc6 27. Ke1 Rd7 28. Nd1 f6 29. Bc3 h4 30. gxh4 Kf7 31. Nf2 Ke7 32. h5 e5 33. Bd3 Bf3 34. h6 gxh6 35. Be4 Bxe4 36. Nxe4 Rc7 37. Ba5 Rc8 38. Ng3 Ke6 39. e4 Rb8 40. Bc3 Rb1+ 41. Kd2 Rg1 42. Nf5 h5 43. a4 Rg2+ 44. Kd3 Rf2 45. h4 Rf3+ 46. Kd2 Rh3 47. Kc2 Kd7 48. Bd2 Rh1 49. a5 Rh3 50. Be1 Ke6 51. Kd2 Ra3 52. Ke2 Ra2+ 53. Bd2 Ra1 54. Ne3 Rg1 55. Be1 Rg7 56. Bf2 Rc7 57. Nd5 Rc8 58. Kd3 Rc6 59. Kc2 Rc8 60. Kc3 Rc6 61. Ne3 Rc7 62. Nf5 Kf7 1/2-1/2

[Event "PCA/Intel-GP"]
[Site "New York"]
[Date "1995.??.??"]
[Round "1"]
[White "Speelman, Jonathan S"]
[Black "Kortschnoj, Viktor"]
[Result "1-0"]
[WhiteElo "2610"]
[BlackElo "2635"]
[PlyCount "81"]
[EventDate "1995.06.??"]
[Source "ChessBase"]

1. d4 Nf6 2. c4 e6 3. Nc3 Bb4 4. e3 b6 5. Nge2 Ne4 6. Bd2 Nxd2 7. Qxd2 O-O 8. d5 Na6 9. a3 Be7 10. b4 Bf6 11. Rd1 exd5 12. Nxd5 d6 13. Nd4 Bd7 14. Be2 c5 15. Nc2 Ba4 16. O-O Nc7 17. Bf3 Nxd5 18. Bxd5 Rc8 19. Rb1 Bxc2 20. Qxc2 cxb4 21. Rxb4 g6 22. Qd3 Qe7 23. g3 Bg7 24. a4 Rc5 25. h4 Kh8 26. Kg2 Qe5 27. Rc1 h5 28. Rc2 f5 29. Rb3 Rc7 30. a5 bxa5 31. Ra2 Rc5 32. Rba3 Re8 33. Rxa5 Rxa5 34. Rxa5 Re7 35. Rb5 Kh7 36. Qa3 Qc3 37. Qa6 Kh6 38. Rb8 Qd2 39. Rg8 Be5 40. Qc8 Kh7 41. Qf8 1-0

[Event "Biel (izt)"]
[Site "?"]
[Date "1993.??.??"]
[Round "?"]
[White "Speelman, J."]
[Black "Kortchnoi, V."]
[Result "1/2-1/2"]
[WhiteElo "2605"]
[BlackElo "2625"]
[PlyCount "43"]
[EventDate "1993.??.??"]
[Source "ChessBase"]
[SourceDate "1993.06.01"]

1. d4 Nf6 2. c4 e6 3. Nc3 Bb4 4. e3 b6 5. Nge2 Ne4 6. Bd2 Nxd2 7. Qxd2 O-O 8. a3 Be7 9. g3 d5 10. cxd5 exd5 11. Nf4 c6 12. b4 a6 13. Bg2 Bd6 14. O-O Bxf4 15. exf4 Nd7 16. a4 Nf6 17. b5 axb5 18. axb5 Bb7 19. bxc6 Bxc6 20. Rab1 Re8 21. Rb4 Re7 22. Rfb1 1/2-1/2

[Event "Monarch Assurance op 11th"]
[Site "Port Erin"]
[Date "2002.10.05"]
[Round "8"]
[White "Epishin, Vladimir"]
[Black "Neverov, Valeriy"]
[Result "1-0"]
[WhiteElo "2643"]
[BlackElo "2587"]
[PlyCount "86"]
[EventDate "2002.09.28"]
[Source "ChessBase"]
[SourceDate "2002.11.06"]

1. d4 Nf6 2. c4 e6 3. Nc3 Bb4 4. e3 b6 5. Nge2 Bb7 6. a3 Be7 7. d5 O-O 8. g3 Re8 9. Bg2 Bf8 10. O-O c6 11. e4 cxd5 12. exd5 e5 13. h3 d6 14. b3 Nbd7 15. Ra2 a6 16. g4 Rc8 17. a4 a5 18. f4 exf4 19. Bxf4 Nc5 20. Nd4 Nfe4 21. Nxe4 Nxe4 22. Bxe4 Rxe4 23. Re2 Rxe2 24. Qxe2 g6 25. Kg2 Rc7 26. Qf2 Rd7 27. Re1 h6 28. Be3 Re7 29. Nf3 Qd7 30. Bxb6 Rxe1 31. Qxe1 h5 32. gxh5 Bc8 33. Qg3 Qb7 34. Qf2 Bf5 35. hxg6 Bxg6 36. Qe3 Qd7 37. Bxa5 Qf5 38. Bc3 Qc2+ 39. Kg3 Bg7 40. Bxg7 Kxg7 41. a5 Be4 42. a6 f5 43. a7 Qa2 1-0

[Event "Luzern 71/566"]
[Site "?"]
[Date "1997.??.??"]
[Round "?"]
[White "Chiburdanidze, Maia"]
[Black "Adams, Michael"]
[Result "0-1"]
[WhiteElo "2525"]
[BlackElo "2680"]
[PlyCount "84"]
[EventDate "1997.??.??"]
[Source "ChessBase"]
[SourceDate "1997.10.01"]

1. d4 Nf6 2. c4 e6 3. Nc3 Bb4 4. e3 b6 5. Nge2 Ne4 6. Bd2 Nxd2 7. Qxd2 O-O 8. a3 Be7 9. Nf4 d6 10. Bd3 Nd7 11. Qc2 h6 12. Be4 Rb8 13. Nb5 Nf6 14. Nxa7 Nxe4 15. Nc6 Qe8 16. Nxb8 Bb7 17. d5 exd5 18. cxd5 Bg5 19. O-O Nf6 20. Nc6 Bxf4 21. exf4 Nxd5 22. Rac1 Nxf4 23. Rfe1 Qa8 24. Re4 Ng6 25. Ra4 Qc8 26. f4 Re8 27. Re4 Qd7 28. Qe2 Bxc6 29. Rxc6 Rxe4 30. Qxe4 Nxf4 31. b4 d5 32. Qc2 d4 33. Rxc7 d3 34. Qc4 Qg4 35. Rc8+ Kh7 36. Qe4+ g6 37. Qf3 Qxc8 38. Qxf4 Qd7 39. Qd2 Qd4+ 40. Qf2 Qd5 41. Qd2 Qb3 42. Qf2 Kg8 0-1

[Event "London"]
[Site "?"]
[Date "1991.??.??"]
[Round "?"]
[White "Speelman, J."]
[Black "Kengis, E."]
[Result "1/2-1/2"]
[WhiteElo "2630"]
[BlackElo "2575"]
[PlyCount "110"]
[EventDate "1991.??.??"]
[Source "ChessBase"]
[SourceDate "1991.10.01"]

1. d4 Nf6 2. c4 e6 3. Nc3 Bb4 4. e3 b6 5. Nge2 Bb7 6. a3 Be7 7. b4 a5 8. b5 d6 9. Ng3 h5 10. Be2 h4 11. Bf3 Qc8 12. Nge4 Nxe4 13. Nxe4 Nd7 14. h3 f5 15. Nc3 Nf6 16. O-O d5 17. Bb2 Qd7 18. Rc1 O-O 19. c5 bxc5 20. dxc5 c6 21. Na4 Qe8 22. b6 g5 23. Be2 Qg6 24. Be5 Nd7 25. Bc7 e5 26. f3 Qe6 27. e4 fxe4 28. fxe4 Rxf1+ 29. Bxf1 Nf6 30. exd5 Nxd5 31. Bc4 Kg7 32. Bxd5 cxd5 33. Qg4 Qxg4 34. hxg4 Bc6 35. b7 Bxb7 36. c6 Ba6 37. Nb6 Re8 38. Bxe5+ Kf7 39. Rc3 d4 40. Bxd4 Bd6 41. Bf2 Re7 42. Rf3+ Ke6 43. Rf5 Rc7 44. Na4 Bxa3 45. Rxa5 Rxc6 46. Be3 Be7 47. Bxg5 Bxg5 48. Rxg5 Kf6 49. Rh5 Kg6 50. Nc5 Be2 51. Ne4 Re6 52. Nf2 Bxg4 53. Rxh4 Bf5 54. Rb4 Re2 55. g4 Bxg4 1/2-1/2

[Event "Politiken Cup 24th"]
[Site "Copenhagen"]
[Date "2002.07.19"]
[Round "5"]
[White "Epishin, Vladimir"]
[Black "De Firmian, Nick E"]
[Result "1/2-1/2"]
[WhiteElo "2643"]
[BlackElo "2551"]
[PlyCount "89"]
[EventDate "2002.07.15"]
[Source "ChessBase"]
[SourceDate "2002.09.11"]

1. d4 Nf6 2. c4 e6 3. Nc3 Bb4 4. e3 b6 5. Nge2 Ne4 6. Bd2 Nxd2 7. Qxd2 Ba6 8. a3 Bxc3 9. Nxc3 d5 10. b3 Nc6 11. Be2 dxc4 12. Rb1 O-O 13. O-O Ne7 14. Rfd1 Qd7 15. bxc4 Rfd8 16. Qc2 Nc6 17. Na2 Qc8 18. Bf3 Bb7 19. c5 Na5 20. Bxb7 Qxb7 21. Nb4 c6 22. a4 h6 23. Rf1 Rdc8 24. h3 Rc7 25. Qa2 Rb8 26. Rb2 Qc8 27. Nd3 Rcb7 28. cxb6 axb6 29. Qb1 Qe8 30. Qc2 Qd8 31. Ne5 Rc8 32. Nc4 Nxc4 33. Qxc4 Qd6 34. Rfb1 Qc7 35. Rb4 Ra8 36. Rc1 c5 37. dxc5 bxc5 38. Rxb7 Qxb7 39. Qb5 Qd5 40. Rxc5 Qd1+ 41. Kh2 Qxa4 42. Rc8+ Kh7 43. Qd3+ g6 44. Rc7 Ra7 45. Qd6 1/2-1/2

[Event "EU-ch 2nd"]
[Site "Ohrid"]
[Date "2001.06.12"]
[Round "11"]
[White "Shulman, Yuri"]
[Black "Kortschnoj, Viktor"]
[Result "1-0"]
[WhiteElo "2551"]
[BlackElo "2643"]
[PlyCount "85"]
[EventDate "2001.06.01"]
[Source "ChessBase"]
[SourceDate "2001.09.13"]

1. d4 Nf6 2. c4 e6 3. Nc3 Bb4 4. e3 b6 5. Nge2 Ne4 6. Qc2 Bb7 7. a3 Bxc3+ 8. Nxc3 Nxc3 9. Qxc3 O-O 10. b3 d6 11. Bb2 Qh4 12. d5 f6 13. Rd1 e5 14. Be2 Nd7 15. O-O Rae8 16. f3 f5 17. Bd3 Bc8 18. b4 Re7 19. Qe1 Qh5 20. Qd2 Rf6 21. f4 Rh6 22. h3 exf4 23. exf4 Nf6 24. Bxf6 Rxf6 25. Rde1 Rff7 26. Re3 Qh4 27. Qf2 Qf6 28. Rfe1 Kf8 29. Bf1 Bd7 30. Qd2 Rxe3 31. Qxe3 Re7 32. Qxe7+ Qxe7 33. Rxe7 Kxe7 34. Kf2 c5 35. dxc6 Bxc6 36. Ke3 Ke6 37. Kd4 h6 38. g3 g6 39. Be2 Bg2 40. h4 Bc6 41. Bd1 d5 42. Bf3 Kd6 43. b5 1-0

[Event "IBM"]
[Site "Amsterdam"]
[Date "1976.??.??"]
[Round "15"]
[White "Ivkov, Borislav"]
[Black "Kortschnoj, Viktor"]
[Result "1/2-1/2"]
[WhiteElo "2520"]
[BlackElo "2670"]
[PlyCount "40"]
[EventDate "1976.07.??"]
[Source "ChessBase"]

1. d4 Nf6 2. c4 e6 3. Nc3 Bb4 4. e3 b6 5. Nge2 Ne4 6. Qc2 Bb7 7. a3 Bxc3+ 8. Nxc3 Nxc3 9. Qxc3 O-O 10. b4 d6 11. Bb2 Nd7 12. d5 Nf6 13. Rd1 Qe7 14. Be2 c6 15. dxc6 Bxc6 16. O-O Rac8 17. Qb3 d5 18. Rc1 Ba8 19. f3 dxc4 20. Bxc4 Bd5 1/2-1/2

[Event "14 Open A"]
[Site "Wien"]
[Date "2003.08.21"]
[Round "6"]
[White "Stanec, Nikolaus"]
[Black "Kortschnoj, Viktor"]
[Result "1/2-1/2"]
[WhiteElo "2560"]
[BlackElo "2628"]
[PlyCount "71"]
[EventDate "2003.08.16"]
[Source "Roberto Alvarez"]
[SourceDate "2003.09.01"]

1. d4 Nf6 2. c4 e6 3. Nc3 Bb4 4. e3 b6 5. Nge2 Ne4 6. Bd2 Nxd2 7. Qxd2 d5 8. cxd5 exd5 9. a3 Be7 10. Nf4 c6 11. Be2 O-O 12. O-O Nd7 13. Bf3 Bg5 14. Nd3 Qf6 15. Rfd1 Bb7 16. b4 a6 17. Bg4 Qd6 18. Bxd7 Qxd7 19. a4 a5 20. b5 cxb5 21. Nxb5 Rfc8 22. Ne5 Qe6 23. Rdc1 Bd8 24. h3 f6 25. Nd3 g5 26. Nb2 Ba6 27. Qd3 Rxc1+ 28. Rxc1 Rc8 29. Rxc8 Qxc8 30. Qb3 Bb7 31. Nd1 Qc6 32. Ndc3 Kg7 33. Ne2 Ba6 34. Nec3 Bb7 35. Ne2 Ba6 36. Nec3 1/2-1/2

[Event "Tilburg"]
[Site "?"]
[Date "1997.??.??"]
[Round "?"]
[White "Shaked, T."]
[Black "Adams, Mi"]
[Result "0-1"]
[WhiteElo "2500"]
[BlackElo "2680"]
[PlyCount "112"]
[EventDate "1997.??.??"]
[Source "ChessBase"]
[SourceDate "1997.06.01"]

1. d4 Nf6 2. c4 e6 3. Nc3 Bb4 4. e3 b6 5. Nge2 Ne4 6. Bd2 Nxd2 7. Qxd2 O-O 8. a3 Be7 9. d5 e5 10. g3 d6 11. Bg2 Nd7 12. O-O h5 13. f4 h4 14. Rae1 a5 15. b3 Ba6 16. Qc2 Re8 17. Bh3 Bc8 18. Kg2 Nf6 19. Bxc8 Qxc8 20. f5 c6 21. Rc1 b5 22. Ne4 b4 23. a4 cxd5 24. Nxf6+ Bxf6 25. cxd5 Qa6 26. Qc4 Qa7 27. Qe4 Bg5 28. Kf3 hxg3 29. hxg3 Rac8 30. Rfd1 g6 31. g4 Kg7 32. Rxc8 Rxc8 33. Rc1 Rh8 34. Ng3 Rh3 35. Rh1 Rxh1 36. Nxh1 Qc5 37. fxg6 fxg6 38. Nf2 Qc1 39. Qd3 Kh6 40. Nd1 Bh4 41. Kg2 Kg7 42. Kf3 Kh7 43. Kg2 Kh6 44. Kh3 Bf6 45. Kg2 e4 46. Qe2 Qb1 47. Nf2 Qxb3 48. Nxe4 Qxd5 49. Qf3 Be7 50. Kg3 Kg7 51. Qg2 Qe5+ 52. Kf3 b3 53. Qe2 b2 54. Qd3 d5 55. Nc3 Bb4 56. Nb1 Kh6 0-1

[Event "Tilburg"]
[Site "Tilburg"]
[Date "1994.??.??"]
[Round "2"]
[White "Graf, Alexander"]
[Black "Psakhis, Lev"]
[Result "1-0"]
[WhiteElo "2575"]
[BlackElo "2605"]
[PlyCount "89"]
[EventDate "1994.09.??"]
[Source "ChessBase"]

1. d4 e6 2. c4 Nf6 3. Nc3 Bb4 4. e3 b6 5. Nge2 O-O 6. a3 Bxc3+ 7. Nxc3 d5 8. Bd3 Ba6 9. Qe2 c5 10. dxc5 bxc5 11. O-O Nc6 12. cxd5 Bxd3 13. Qxd3 exd5 14. Rd1 c4 15. Qf5 Qb6 16. e4 d4 17. e5 Qc5 18. Qf4 Nd7 19. Ne4 Qxe5 20. Nd6 Na5 21. Rb1 c3 22. bxc3 dxc3 23. Rb5 c2 24. Rf1 Qxf4 25. Bxf4 Nc6 26. Rd5 Rfd8 27. Nb7 Nf6 28. Rc5 Nd4 29. Nxd8 Ne4 30. Rc4 Rxd8 31. Be3 Ne2+ 32. Kh1 N4c3 33. Bd2 f6 34. Bxc3 c1=Q 35. Rxc1 Nxc1 36. g3 Nd3 37. Kg2 Rd7 38. Rd4 Rxd4 39. Bxd4 a6 40. Kf3 Kf7 41. Ke4 Ne1 42. Bc3 Nc2 43. a4 Ke6 44. Kd3 Na3 45. Bb4 1-0

[Event "Hastings 7172"]
[Site "Hastings"]
[Date "1971.??.??"]
[Round "2"]
[White "Kortschnoj, Viktor"]
[Black "Markland, Peter R"]
[Result "1-0"]
[WhiteElo "2670"]
[BlackElo "2510"]
[PlyCount "81"]
[EventDate "1971.12.??"]
[Source "ChessBase"]

1. d4 Nf6 2. c4 e6 3. Nc3 Bb4 4. e3 b6 5. Nge2 Ne4 6. Qc2 Bb7 7. a3 Bxc3+ 8. Nxc3 f5 9. d5 Nxc3 10. Qxc3 O-O 11. dxe6 dxe6 12. b3 Qe7 13. Bb2 Nd7 14. O-O-O Nf6 15. f3 Rad8 16. Be2 Rxd1+ 17. Bxd1 Nd7 18. Bc2 Rf7 19. Rd1 Nf8 20. Rd2 Ng6 21. b4 Bc6 22. a4 a6 23. Ba3 Qe8 24. b5 axb5 25. cxb5 Bd5 26. e4 fxe4 27. fxe4 Bb7 28. Qd3 h6 29. Qd8 Qxd8 30. Rxd8+ Kh7 31. Rb8 c6 32. bxc6 Bxc6 33. Rxb6 Ne5 34. Rb4 Rf1+ 35. Kb2 Rf2 36. Kb3 Rxg2 37. Bb2 Nf3 38. a5 Rxh2 39. a6 Rh3 40. Bc3 Rh5 41. e5+ 1-0

[Event "Novi Sad (ol)"]
[Site "?"]
[Date "1990.??.??"]
[Round "?"]
[White "Sokolov, I."]
[Black "Kortchnoi, V."]
[Result "1-0"]
[WhiteElo "2550"]
[BlackElo "2630"]
[PlyCount "67"]
[EventDate "1990.??.??"]
[Source "ChessBase"]
[SourceDate "1990.07.01"]

1. d4 Nf6 2. c4 e6 3. Nc3 Bb4 4. e3 b6 5. Nge2 Ne4 6. Qc2 Bb7 7. a3 Bxc3+ 8. Nxc3 Nxc3 9. Qxc3 Qh4 10. b3 O-O 11. Bb2 f6 12. d5 exd5 13. Rd1 d4 14. Rxd4 Qh5 15. Be2 Qg6 16. Rg4 Qb1+ 17. Bd1 Nc6 18. O-O Qf5 19. Rg3 Qe5 20. Qd2 Qe8 21. Bc2 Ne5 22. h4 d6 23. Qe2 f5 24. f4 Ng4 25. Bxf5 Rxf5 26. Qxg4 Rf7 27. Bxg7 Qd7 28. Qxd7 Rxd7 29. Bc3+ Kf8 30. f5 Re8 31. f6 Be4 32. Rf4 Bg6 33. Kf2 Kf7 34. h5 1-0

[Event "4th IECC"]
[Site "Istanbul"]
[Date "2003.06.03"]
[Round "5"]
[White "Sturua, Zurab"]
[Black "Moiseenko, Alexander"]
[Result "0-1"]
[WhiteElo "2545"]
[BlackElo "2627"]
[PlyCount "78"]
[EventDate "2003.05.30"]
[Source "Roberto Alvarez"]
[SourceDate "2003.06.23"]

1. d4 Nf6 2. c4 e6 3. Nc3 Bb4 4. e3 b6 5. Nge2 Ne4 6. Qc2 Bb7 7. a3 Bxc3+ 8. Nxc3 Nxc3 9. Qxc3 O-O 10. b4 a5 11. b5 d6 12. c5 c6 13. Bb2 cxb5 14. d5 Qg5 15. c6 Ba6 16. h4 Qg4 17. Rh3 f6 18. Rg3 Qf5 19. Rg5 Qe4 20. Bd3 Qxh4 21. Rg3 b4 22. axb4 Bxd3 23. Qxd3 Qxb4+ 24. Bc3 Qc5 25. Rc1 Na6 26. dxe6 Nc7 27. Qb1 Nxe6 28. Bxf6 Qb4+ 29. Qxb4 axb4 30. Be7 b3 31. Rb1 Rfc8 32. Bxd6 Rxc6 33. Be5 Ra2 34. e4 Rcc2 35. f4 g6 36. Rgxb3 Rxg2 37. Rf3 Nc5 38. Bd4 Nxe4 39. Kf1 Rh2 0-1

[Event "EU-ch 2nd"]
[Site "Ohrid"]
[Date "2001.06.11"]
[Round "10"]
[White "Aleksandrov, Aleksej"]
[Black "Moiseenko, Alexander"]
[Result "1/2-1/2"]
[WhiteElo "2610"]
[BlackElo "2561"]
[PlyCount "95"]
[EventDate "2001.06.01"]
[Source "ChessBase"]
[SourceDate "2001.09.13"]

1. d4 Nf6 2. c4 e6 3. Nc3 Bb4 4. e3 b6 5. Nge2 Ne4 6. Qc2 Bb7 7. a3 Bxc3+ 8. Nxc3 Nxc3 9. Qxc3 O-O 10. b3 d6 11. Bb2 Qh4 12. d5 e5 13. g3 Qe4 14. Rg1 Nd7 15. Bd3 Qg4 16. Qc2 f5 17. h4 a5 18. Be2 Qg6 19. f3 Bc8 20. Bc3 e4 21. f4 Nf6 22. b4 axb4 23. axb4 Bd7 24. Rxa8 Rxa8 25. Bd4 Ng4 26. Qb2 Be8 27. Kf1 Nh2+ 28. Kf2 Nf3 29. Bxf3 exf3 30. Kxf3 Qg4+ 31. Kg2 b5 32. Qc2 bxc4 33. Rf1 Bb5 34. Ra1 Rxa1 35. Bxa1 c6 36. e4 cxd5 37. exd5 h6 38. Qc3 Qe2+ 39. Kg1 Qe7 40. Kf2 Qa7+ 41. Kg2 Qe7 42. Bb2 Ba6 43. Kf2 h5 44. Ba1 Bb5 45. Bb2 Ba6 46. Qd2 Qe4 47. Qc3 Qe7 48. Ba1 1/2-1/2

[Event "Groningen"]
[Site "?"]
[Date "1991.??.??"]
[Round "?"]
[White "Sokolov, I."]
[Black "Hansen, Cu"]
[Result "0-1"]
[WhiteElo "2570"]
[BlackElo "2600"]
[PlyCount "78"]
[EventDate "1991.??.??"]
[Source "ChessBase"]
[SourceDate "1991.10.01"]

1. d4 Nf6 2. c4 e6 3. Nc3 Bb4 4. e3 b6 5. Nge2 Ne4 6. Qc2 Bb7 7. a3 Bxc3+ 8. Nxc3 f5 9. d5 Nxc3 10. Qxc3 Qe7 11. dxe6 dxe6 12. b3 Nd7 13. Bb2 e5 14. O-O-O O-O-O 15. b4 Rhe8 16. f3 Qh4 17. Qe1 Qh6 18. Kb1 g5 19. Qf2 e4 20. Be2 f4 21. fxe4 Bxe4+ 22. Ka1 fxe3 23. Qg3 Qg6 24. Rhe1 h5 25. Rd4 g4 26. Bf1 Qf7 27. h3 gxh3 28. Qxh3 Kb8 29. Ka2 Qf2 30. Rdd1 Bc2 31. Rc1 Bf5 32. Qxh5 Nf6 33. Qg5 Ng4 34. Re2 Rg8 35. Qxg8 Rxg8 36. Rxf2 exf2 37. Be2 Nh2 38. Bd4 Rxg2 39. Bf1 Rg1 0-1

[Event "Manila"]
[Site "Manila"]
[Date "1974.??.??"]
[Round "8"]
[White "Gligoric, Svetozar"]
[Black "Andersson, Ulf"]
[Result "1-0"]
[WhiteElo "2585"]
[BlackElo "2580"]
[PlyCount "97"]
[EventDate "1974.??.??"]
[Source "ChessBase"]

1. d4 Nf6 2. c4 e6 3. Nc3 Bb4 4. e3 b6 5. Nge2 Ne4 6. Qc2 f5 7. a3 Bxc3+ 8. Nxc3 Bb7 9. d5 Nxc3 10. Qxc3 Qf6 11. Qxf6 gxf6 12. b4 a5 13. b5 Ke7 14. Bb2 exd5 15. Rd1 dxc4 16. Bxc4 d6 17. Rd5 Nd7 18. Rxf5 Ne5 19. Rf4 h5 20. O-O Raf8 21. Rc1 Kd8 22. Be2 h4 23. f3 Rh7 24. Kf2 Rff7 25. Rd1 Bc8 26. Rfd4 Be6 27. Rc1 Rfg7 28. Rd2 Rf7 29. Bd4 Ke8 30. h3 f5 31. f4 Ng6 32. Bxb6 cxb6 33. Rxd6 Nf8 34. Rcc6 Bb3 35. Rxb6 Rd7 36. Rf6 Ke7 37. Rxf5 Ne6 38. Re5 Rd6 39. Ra6 Rxa6 40. bxa6 Kd6 41. Rxa5 Ra7 42. Rh5 Rc7 43. Rxh4 Rc2 44. a7 Bd5 45. Rh8 Nc7 46. Rd8+ Kc5 47. f5 Ra2 48. f6 Rxa3 49. f7 1-0

[Event "Bosnia & Herzegovina 73/619"]
[Site "?"]
[Date "1998.??.??"]
[Round "?"]
[White "Giorgadze, Giorgi"]
[Black "Kurajica, Bojan"]
[Result "1-0"]
[WhiteElo "2605"]
[BlackElo "2560"]
[PlyCount "69"]
[EventDate "1998.??.??"]
[Source "ChessBase"]
[SourceDate "1998.06.01"]

1. d4 Nf6 2. c4 e6 3. Nc3 Bb4 4. e3 b6 5. Nge2 Ne4 6. Qc2 f5 7. a3 Bxc3+ 8. Nxc3 Bb7 9. b3 O-O 10. Bb2 d6 11. O-O-O Nd7 12. f3 Nxc3 13. Qxc3 Qe7 14. Kb1 c6 15. Bd3 Nf6 16. h3 c5 17. Rhe1 cxd4 18. exd4 Qd7 19. d5 e5 20. g4 f4 21. h4 Rae8 22. Qc2 g6 23. h5 g5 24. h6 Qc7 25. b4 a5 26. Bf5 axb4 27. axb4 Bc8 28. c5 bxc5 29. bxc5 Qxc5 30. Bxh7+ Kh8 31. Qxc5 dxc5 32. Bg6 Nd7 33. Re4 Bb7 34. Rde1 Bxd5 35. Rxe5 1-0

[Event "World Open"]
[Site "Philadelphia, PA USA"]
[Date "1995.??.??"]
[Round "4"]
[White "Shabalov, Alexander"]
[Black "De Firmian, Nick E"]
[Result "1-0"]
[WhiteElo "2570"]
[BlackElo "2590"]
[PlyCount "47"]
[EventDate "1995.06.??"]
[Source "www.chesslib.no"]
[SourceDate "2004.05.04"]

1. d4 Nf6 2. c4 e6 3. Nc3 Bb4 4. e3 b6 5. Nge2 Ne4 6. Bd2 Nxd2 7. Qxd2 O-O 8. Ng3 Re8 9. Bd3 g6 10. h4 h5 11. e4 d5 12. e5 Nc6 13. Nxh5 dxc4 14. Bxc4 Bb7 15. Nf6+ Kg7 16. Nxe8+ Qxe8 17. h5 Qh8 18. O-O-O gxh5 19. Qg5+ Kf8 20. Rxh5 Qg8 21. Qh4 Be7 22. Qh2 f5 23. Bxe6 Bg5+ 24. f4 1-0

[Event "USA-ch Gr-A"]
[Site "Denver"]
[Date "1998.11.03"]
[Round "4"]
[White "Christiansen, Larry Mark"]
[Black "Dzindzichashvili, Roman"]
[Result "1/2-1/2"]
[WhiteElo "2610"]
[BlackElo "2545"]
[PlyCount "60"]
[EventDate "1998.10.31"]
[Source "ChessBase"]
[SourceDate "1999.02.01"]

1. d4 Nf6 2. c4 e6 3. Nc3 Bb4 4. e3 b6 5. Nge2 Bb7 6. a3 Be7 7. d5 O-O 8. Ng3 Re8 9. Be2 exd5 10. cxd5 c6 11. d6 Bf8 12. O-O Re6 13. e4 Rxd6 14. Qc2 Re6 15. Bg5 h6 16. Bxf6 Qxf6 17. Rad1 Re8 18. f4 Qe6 19. e5 d5 20. h3 d4 21. Nce4 c5 22. Nh5 Nd7 23. Bg4 Qg6 24. Rde1 Bxe4 25. Rxe4 Nxe5 26. fxe5 Rxe5 27. Qf2 Rxe4 28. Bf5 Rf4 29. Qxf4 Qxh5 30. Bd3 Re8 1/2-1/2